Neoliberal laboratuvar: Şili : (Record no. 13639)

MARC details
000 -BAŞLIK
Sabit Uzunlukta Kontrol Alanı 00934nam a2200277 4500
999 ## - SİSTEM KONTROL NUMARALARI (KOHA)
Koha Biblionumber 13639
Koha Biblioitemnumber 13639
003 - KONTROL NUMARASI IDENTIFIER
Denetim Alanı MIRAKIL
005 - SON İŞLEM TARİHİ VE ZAMANI
Denetim Alanı 20211214000616.0
008 - SABİT-BOY VERİ ELEMANLARI - GENEL BİLGİLER
Sabit Uzunlukta Kontrol Alanı 191128b tu ||||| |||| 00| 0 tur d
020 ## - ULUSLARARASI STANDART KİTAP NUMARASI
Uluslararası Standart Kitap Numarası 9786055513825
040 ## - KATALOGLAMA KAYNAK
Orijinal Kataloglama Ajansı TR-AnCHP
Metne Dönüştürmek Ajansı TR-AnCHP
041 ## - DİL KODU
Metin / Ses Parça Veya Ayrı Başlığın Dil Kodu tur
082 ## - DEWEY ONLU SINIFLANDIRMA NUMARASI
Sınıflandırma Numarası 320.983
Ürün Numarası C25n 2014
100 1# - ANA GİRİŞ - KİŞİSEL İSİM
Kişisel Ad Candan, Tezcan Karakuş
245 10 - BAŞLIK TABLOSU
Başlık Neoliberal laboratuvar: Şili :
Başlığın Kalan Türkiye ile benzerlikler, farklar, kıyaslar /
Sorumluluk Tablosu, Vb Tezcan Karakuş Candan.
246 ## - UNVAN FORM VARYING
Başlık Doğru / Kısa Başlığı Türkiye ile benzerlikler, farklar, kıyaslar
260 ## - YAYIN, DAĞITIM, VB
Yayın, Dağıtım, Vb Yeri Ankara:
Yayıncı, Dağıtıcı, Vs Adı NotaBene yayınları,
Yayın, Dağıtım, Vb Tarihi 2014.
300 ## - FİZİKSEL TANIM
Kapsam 224 s.:
Diğer Fiziksel Ayrıntıları tbl.;grf.;hrt.;fotg.,
Boyutlar 19 sm.
504 ## - KAYNAKÇA VB NOT
Kaynakça Vb Notu Kaynakça vardır.
650 #0 - KONU KATMA GİRİŞ - TOPİKAL DÖNEM
Topikal Süreli Veya Coğrafi Ad Giriş Elemanı Siyaset ve yönetim
Genel Alt Bölümü Türkiye
Coğrafi Alt Bölümü Şili
9 (RLIN) 9
650 #0 - KONU KATMA GİRİŞ - TOPİKAL DÖNEM
Topikal Süreli Veya Coğrafi Ad Giriş Elemanı Siyaset ve yönetim
Genel Alt Bölümü Türkiye
9 (RLIN) 9
651 #0 - KONU KATMA GİRİŞ - COĞRAFİ ADI
9 (RLIN) 6140
Coğrafi İsim Şili
Genel Alt Bölümü Tarih
651 #0 - KONU KATMA GİRİŞ - COĞRAFİ ADI
9 (RLIN) 5416
Coğrafi İsim Türkiye
Genel Alt Bölümü Tarih
740 ## - KATMA GİRİŞ - KONTROLSUZ İLGİLİ / ANALİTİK BAŞLIK
Kontrol Edilmeyen / İlgili Analitik Başlıktaki Türkiye ile benzerlikler, farklar, kıyaslar
942 ## - EKLENDİ GİRİŞ ELEMANLARI (KOHA)
Sınıflandırma Veya Raf Düzeni Kaynak Dewey Decimal Classification
Koha Öğesi Türü Books
999 ## - SİSTEM KONTROL NUMARALARI (KOHA)
Koha Biblioitemnumber 13639
Holdings
Kalıcı Konum Mevcut Konum Edinme Tarihi Toplam Check-Out'Lar Tam Çağrı Numarası Barkod Tarih Son Görülme İtibaren Geçerli Fiyatlar Koha Öğesi Türü
CHP Kütüphanesi CHP Kütüphanesi 11/28/2019   320.983 C25n 2014 013413 11/28/2019 11/28/2019 Books